| 000 | 00547cam a2200193 a 4500 | ||
|---|---|---|---|
| 020 | _a0140295283 | ||
| 040 | _cUKM | ||
| 082 | _a813 PEN 2001 A096 Or. | ||
| 100 | 1 | _aMcAllister, Peter, | |
| 245 | 1 | 0 | _aCosmonaut [letter "N" reversed] / |
| 260 |
_aRingwood, Vic. ; _aHarmondsworth ; _aNew York : _bPenguin, _c2001. |
||
| 300 |
_a617 p. ; _c19 cm. |
||
| 650 | 0 | _aMurder | |
| 650 | 0 | _aAstronauts | |
| 650 | 0 | _aDetective and mystery stories. | |
| 650 | 0 | _aSabotage | |
| 710 | 2 | _aCopyright Paperback Collection (Library of Congress) | |
| 942 | _cEK | ||
| 999 |
_c14486 _d14486 |
||